Устройство для генерации озона и дезактивации дымных газов на основе электрического разряда, развивающегося в режиме убегающих электронов; Приборы и техника эксперимента; № 1

ग्रंथसूची विवरण
Parent link:Приборы и техника эксперимента/ Российская академия наук.— , 1956-.— 0032-8162
№ 1.— 2002.— с. 125-128
अन्य लेखक: Бабич Л. П., Кудрявцев Ю. Г., Петрушин О. Н., Савельев Ю. А., Тараканов М. Ю., Тарасов М. Д., Тарасова А. И.
भाषा:रूसी
प्रकाशित: 2002
श्रृंखला:Физические приборы для экологии, медицины, биологии
विषय:
स्वरूप: MixedMaterials पुस्तक अध्याय
KOHA link:https://koha.lib.tpu.ru/cgi-bin/koha/opac-detail.pl?biblionumber=426999

MARC

LEADER 00000naa2a2200000 4500
001 426999
005 20231101074619.0
035 |a (RuTPU)RU\TPU\prd\86103 
035 |a RU\TPU\prd\2994 
090 |a 426999 
100 |a 20100902a2002 k y0rusy50 ca 
101 0 |a rus 
102 |a RU 
200 1 |a Устройство для генерации озона и дезактивации дымных газов на основе электрического разряда, развивающегося в режиме убегающих электронов  |f Л. П. Бабич, Ю. Г. Кудрявцев, О. Н. Петрушин и др. 
225 1 |a Физические приборы для экологии, медицины, биологии 
320 |a Библиогр.: 14 назв. 
461 1 |0 (RuTPU)RU\TPU\prd\300  |x 0032-8162  |t Приборы и техника эксперимента  |f Российская академия наук  |d 1956- 
463 1 |0 (RuTPU)RU\TPU\prd\86079  |t № 1  |v с. 125-128  |d 2002 
610 1 |a генерация озона 
610 1 |a устройства 
610 1 |a дезактивация 
610 1 |a газы 
610 1 |a электрические разряды 
610 1 |a убегающие электроны 
610 1 |a наносекундный электрический разряд 
610 1 |a атмосферное давление 
610 1 |a эксперимент 
610 1 |a получение озона 
701 1 |a Бабич  |b Л. П. 
701 1 |a Кудрявцев  |b Ю. Г. 
701 1 |a Петрушин  |b О. Н. 
701 1 |a Савельев  |b Ю. А. 
701 1 |a Тараканов  |b М. Ю. 
701 1 |a Тарасов  |b М. Д. 
701 1 |a Тарасова  |b А. И. 
801 1 |a RU  |b 63413507  |c 20020411  |g PSBO 
801 2 |a RU  |b 63413507  |c 20100902  |g PSBO 
942 |c BK